Visualizzazione normale
Vista MARC
- Cesarato, M. Regina
di Personal Name
Records bibliografici associati: 1
001 - CONTROL NUMBER
- control field: 24404
003 - CONTROL NUMBER IDENTIFIER
- control field: IT-RoPau
005 - DATE AND TIME OF LATEST TRANSACTION
- control field: 20140510102726.0
008 - FIXED-LENGTH DATA ELEMENTS
- fixed length control field: 140510|| aca||aabn | a|a d
040 ## - CATALOGING SOURCE
- Original cataloging agency: IT-RoPau
- Transcribing agency: IT-RoPau
100 ## - HEADING--PERSONAL NAME
- Personal name: Cesarato, M. Regina
670 ## - SOURCE DATA FOUND
- Source citation: Work cat.: (IT-RoPau)34075: Cesarato, M. Regina, In Cammino..., 1987